000 00460nam a2200157Ia 4500
008 210716s2002 xx 000 0 und d
020 _a8120321413
041 _aeng
082 _a005.73 CORT
100 _aCormen, Thomas H;Leiserson Charles E;Rivest, Ronald L;Stein, Clifford.
245 _aIntroduction to algorithms.
250 _a2
260 _aNew Delhi
_bPrentice Hall of India
_c2002
300 _axix,1180
650 _aData Structures & Algorithms
999 _c188025
_d188025